Catálogo
 En Linea

Condiciones generales para la construcción, reedificación y reparación de... (Registro nro. 33609)

Detalles MARC
000 -CABECERA
campo de control de longitud fija 00296nam a2200097 a 4500
005 - FECHA Y HORA DE LA ÚLTIMA TRANSACCIÓN
campo de control 20200930070805.0
008 - DATOS DE LONGITUD FIJA--INFORMACIÓN GENERAL
campo de control de longitud fija 110926s1915 000 spa d
040 ## - FUENTE DE LA CATALOGACIÓN
Centro catalogador/agencia de origen DO-SdBNP
245 #0 - MENCIÓN DE TÍTULO
Título Condiciones generales para la construcción, reedificación y reparación de...
260 ## - PUBLICACIÓN, DISTRIBUCIÓN, ETC.
Lugar de publicación, distribución, etc. Santo Domingo,
Fecha de publicación, distribución, etc. 1915.

No hay ítems disponibles.

Con tecnología Koha